[Event "WYCC U14 Open 2019"]
[Site "Mumbai"]
[Date "2019.10.03"]
[Round "2.10"]
[White "Srihari L R"]
[Black "Fardet, Elouan"]
[Result "1-0"]
[WhiteElo "2283"]
[BlackElo "2010"]
[Annotator "NA"]
[PlyCount "115"]
[EventDate "2019.10.02"]
[EventType "swiss"]
[EventCountry "IND"]
[SourceTitle "playchess.com"]
[Source "ChessBase"]
[SourceQuality "1"]
[TimeControl "40/5400+30:1800+30"]

1. Nf3 {[%emt 0:00:00]} Nf6 {[%emt 0:00:00]} 2. c4 {[%emt 0:00:00]} g6 {[%emt 0:00:00]} 3. b4 {[%emt 0:00:03]} Bg7 {[%emt 0:00:00]} 4. Bb2 {[%emt 0:00:05]} O-O {[%emt 0:00:00]} 5. g3 {[%emt 0:00:07]} c6 {[%emt 0:00:01]} 6. Bg2 {[%emt 0:00:24]} d5 {[%emt 0:00:06]} 7. cxd5 {[%emt 0:00:20]} Nxd5 {[%emt 0:00:06]} 8. Bxg7 {[%emt 0:01:10]} Kxg7 {[%emt 0:00:07]} 9. a3 {[%emt 0:12:31]} a5 {[%emt 0:02:04]} 10. bxa5 {[%emt 0:06:29]} Rxa5 {[%emt 0:06:12]} 11. O-O {[%emt 0:00:39]} Na6 {[%emt 0:07:21]} 12. d4 {[%emt 0:02:41]} Nac7 {[%emt 0:14:20]} 13. Ne5 {[%emt 0:17:33]} Nb5 {[%emt 0:10:23]} 14. e3 {[%emt 0:04:33]} Nd6 {[%emt 0:10:12]} 15. Nd2 {[%emt 0:01:57]} f6 {[%emt 0:03:06]} 16. Nd3 {[%emt 0:09:04]} Nc7 {[%emt 0:09:12]} 17. a4 {[%emt 0:03:35]} Ra7 {[%emt 0:05:21]} 18. Qc2 {[%emt 0:03:23]} Na6 {[%emt 0:02:17]} 19. Qc3 {[%emt 0:04:38]} Bf5 {[%emt 0:03:09]} 20. e4 {[%emt 0:03:54]} Be6 {[%emt 0:01:14]} 21. Rfb1 {[%emt 0:01:04]} Qd7 {[%emt 0:02:10]} 22. Rb2 {[%emt 0:06:20]} Rd8 {[%emt 0:01:56]} 23. Rab1 {[%emt 0:01:39]} Bf7 {[%emt 0:04:08]} 24. Nf4 {[%emt 0:06:11]} Nb8 {[%emt 0:03:43]} 25. Bh3 {[%emt 0:01:13]} Qc7 {[%emt 0:02:07]} 26. e5 {[%emt 0:00:23]} Nc8 {[%emt 0:01:11]} 27. Ne4 {[%emt 0:01:44]} g5 {[%emt 0:04:33]} 28. Nc5 {[%emt 0:04:29]} gxf4 {[%emt 0:01:52]} 29. Rxb7 {[%emt 0:00:07]} Qa5 {[%emt 0:00:02]} 30. Qxa5 {[%emt 0:00:08]} Rxa5 {[%emt 0:00:06]} 31. exf6+ {[%emt 0:01:04]} Kxf6 {[%emt 0:00:39]} 32. Rxb8 {[%emt 0:00:20]} Rxd4 {[%emt 0:00:33]} 33. Nb7 {[%emt 0:00:24]} Raxa4 {[%emt 0:01:07]} 34. Rxc8 {[%emt 0:00:17]} Bd5 {[%emt 0:01:37]} 35. Rf8+ {[%emt 0:00:54]} Kg7 {[%emt 0:00:05]} 36. Rxf4 {[%emt 0:00:31]} Rxf4 {[%emt 0:00:05]} 37. gxf4 {[%emt 0:00:05]} Rxf4 {[%emt 0:00:04]} 38. Re1 {[%emt 0:00:51]} Kf6 {[%emt 0:00:33]} 39. Nc5 {[%emt 0:00:49]} Rh4 {[%emt 0:00:44]} 40. Bg2 {[%emt 0:00:32]} Rg4 {[%emt 0:01:13]} 41. Ne4+ {[%emt 0:30:08]} Kf7 {[%emt 0:30:23]} 42. Ng3 {[%emt 0:00:16]} e6 43. Rc1 {[%emt 0:01:08]} Kg6 {[%emt 0:01:24]} 44. Kf1 {[%emt 0:02:04]} h5 {[%emt 0:00:59]} 45. Bxd5 {[%emt 0:00:08]} cxd5 {[%emt 0:00:06]} 46. h3 {[%emt 0:02:00]} Rg5 {[%emt 0:00:38]} 47. Rc6 {[%emt 0:00:17]} Kf7 {[%emt 0:00:20]} 48. Ne2 {[%emt 0:00:47]} Rf5 {[%emt 0:00:18]} 49. Nd4 {[%emt 0:00:19]} Re5 {[%emt 0:00:02]} 50. f3 {[%emt 0:00:52]} h4 {[%emt 0:00:59]} 51. Kf2 {[%emt 0:00:09]} Kf6 {[%emt 0:00:08]} 52. Ra6 {[%emt 0:00:19]} Kf7 {[%emt 0:00:38]} 53. Ra7+ {[%emt 0:00:05]} Kg6 {[%emt 0:00:17]} 54. Re7 {[%emt 0:00:06]} Kf6 {[%emt 0:00:18]} 55. Rh7 {[%emt 0:00:06]} Kg5 {[%emt 0:00:11]} 56. f4+ {[%emt 0:00:06]} Kxf4 {[%emt 0:00:13]} 57. Rxh4+ {[%emt 0:00:06]} Kg5 {[%emt 0:00:03]} 58. Nf3+ {[%emt 0:00:06]} 1-0

[Event "WYCC U14 Open 2019"]
[Site "Mumbai"]
[Date "2019.10.03"]
[Round "3.1"]
[White "Sreeshwan Maralakshikari"]
[Black "Nikhil Magizhnan"]
[Result "1-0"]
[WhiteElo "2449"]
[BlackElo "2160"]
[Annotator "TA"]
[PlyCount "57"]
[EventDate "2019.10.02"]
[EventType "swiss"]
[EventCountry "IND"]
[SourceTitle "playchess.com"]
[Source "ChessBase"]
[SourceQuality "1"]

{[%evp 12,85,23,7,7,8,21,11,16,0,0,0,0,0,0,0,17,6,16,-27,-9,-107,-137,-122,-133,-136,-141,-157,-129,-122,-127,-201,-193,-405,-391,-407,-466,-423,-413,-502,-232,-232,-228,-229,-229,-230,-233,-241,-164,-188,-174,-160,-81,-139,-28,-26,0,0,729,727,724,724,724,721,649,678,671,662,621,536,516,408,645,641,620,595]} 1. d4 Nf6 2. c4 e6 3. Nc3 Bb4 4. e3 O-O 5. Bd3 d5 6. Nf3 c5 7. cxd5 exd5 {E53: Nimzo-Indian: Rubinstein: Main Line (4...0-0 5 Nf3 d5 6 Bd3 c5 7 0-0)} 8. dxc5 (8. O-O cxd4 9. Nxd4 Nc6 10. Nxc6 bxc6 11. Na4 Bd6 12. h3 Qe7 13. Bd2 c5 14. Rc1 Bb7 15. b3 Qe5 16. f4 Qe7 17. Nc3 Rac8 {0-1 (41) Le,Q (2715)-Nakamura,H (2763) chess.com INT 2018}) 8... Bg4 9. O-O Nbd7 {The position is equal.} 10. h3 Bxf3 11. Qxf3 Nxc5 12. Bc2 $146 ({Predecessor:} 12. Be2 Nce4 13. Nb5 a6 14. Nd4 Bc5 15. Nb3 Bd6 16. Nd4 Re8 17. g4 Be5 18. Rd1 Rc8 19. Qg2 {½-½ (19) Vaisser,A (2506)-Petschar,K (2282) Hersonissos 2017}) 12... Bxc3 13. bxc3 Nce4 14. c4 Qc7 15. Bd3 Rfe8 16. Qe2 (16. cxd5 Qc3 $17) (16. Bxe4 $11 {keeps the balance.} dxe4 17. Qe2) 16... dxc4 $17 17. Bxc4 Nc3 $1 {[%cal Rc3e2]} 18. Qd3 Nfe4 $1 19. Bb3 Red8 20. Qc4 Qe7 21. f3 {[#]} (21. Re1 $17) 21... Ng3 $1 $19 {And now ...Nce2+ would win.} 22. Re1 $2 (22. Kf2 {only move.} Nce4+ 23. fxe4 Nxf1 24. Qc3) 22... Rac8 23. Qg4 Nce2+ 24. Kf2 {Strongly threatening Bb2.} h5 ({Inferior is} 24... Rxc1 25. Raxc1 (25. Rexc1 Re8 $17) 25... h5 26. Qc4 $11) 25. Qa4 Nxc1 ({Not} 25... Rxc1 26. Raxc1 Nxc1 27. Kxg3 $15) (25... Qe5 $142 26. Qb4 Qxa1) 26. Kxg3 Qg5+ 27. Kh2 {[#]} Rd2 $1 {[%csl Gd2][%cal Rg5g2][%mdl 512]} 28. Rg1 Ne2 {...Qg3+ is the strong threat.} 29. Rgd1 {Played: Qa4-b4} 1-0

[Event "WYCC U14 Open 2019"]
[Site "Mumbai"]
[Date "2019.10.03"]
[Round "3.2"]
[White "Kolay, Alex"]
[Black "Murzin, Volodar"]
[Result "1-0"]
[WhiteElo "2164"]
[BlackElo "2433"]
[Annotator "TA"]
[PlyCount "109"]
[EventDate "2019.10.02"]
[EventType "swiss"]
[EventCountry "IND"]
[SourceTitle "playchess.com"]
[Source "ChessBase"]
[SourceQuality "1"]

{[%evp 20,109,43,43,46,6,24,5,48,52,53,11,12,-14,-25,-66,-24,-35,-38,-127,-74,-116,-71,-142,-100,-98,-31,-31,-31,-36,-38,-47,-47,-39,-45,-41,-41,-37,0,-19,18,17,101,83,118,120,139,58,104,68,122,122,160,131,136,110,179,162,403,420,429,421,425,396,372,348,425,383,372,385,371,364,339,339,375,368,551,509,772,701,1344,1329,1411,1664,1611,1582,1461,1353,2342,2159,6383,4974]} 1. d4 Nf6 2. c4 g6 3. Nc3 Bg7 4. e4 O-O 5. Nf3 d6 6. h3 e5 7. d5 a5 8. Be3 Na6 9. g4 Nc5 10. Nd2 c6 11. Be2 a4 {E92: King's Indian: Classical: 6 Be2 e5: 7 dxe5, 7 Be3 and Petrosian System without 7...Nbd7} 12. b4 (12. h4 Qa5 13. f3 a3 14. Qc2 axb2 15. Qxb2 h5 16. g5 Nfd7 17. O-O f6 18. Kg2 Qd8 19. Nb3 fxg5 20. hxg5 {½-½ (67) Nepomniachtchi,I (2757)-Grischuk,A (2766) chess.com INT 2018}) 12... axb3 $1 13. axb3 {[%cal Ba2b3,Bb3b4][%mdl 32]} Bd7 {[#] The position is equal.} 14. b4 $146 ({Predecessor:} 14. Rxa8 Qxa8 15. b4 Na6 16. Qb3 c5 17. bxc5 Nxc5 18. Qb2 Qa6 19. O-O {1-0 (35) Grigoryan,A (2515)-Catelli,H (2200) Puerto Madryn 2009}) 14... Na6 15. Rb1 c5 16. b5 Nb4 17. g5 Ne8 (17... Nh5 $5 18. Bxh5 gxh5 $17) 18. Nb3 f5 {...f4 is the strong threat.} 19. gxf6 (19. h4 $15) 19... Nxf6 ({Black should play} 19... Qxf6 {Hoping for ...Bh6!} 20. Rh2 Qf7) 20. Nd2 Ra3 21. Qc1 (21. Rb3 $142 Ra1 22. Rb1) 21... Qa8 22. Kf1 Na2 (22... Rf7 $17) 23. Nxa2 $15 Rxa2 24. Kg2 Rf7 25. Ra1 Rxa1 26. Qxa1 Qf8 27. Qc3 Bh6 28. Ra1 g5 29. Kh2 Kh8 30. Rg1 $1 Rg7 {[#]} (30... Qg8 $11) 31. Bg4 $1 $16 Rg6 32. f3 Qe7 33. Qd3 (33. Nf1 $16) 33... Rg8 34. Qa3 Bxg4 ({Better is} 34... Nxg4+ $14 35. hxg4 (35. fxg4 Bg7 $14) 35... Rf8) 35. hxg4 Bf8 36. Kg2 h5 37. Rh1 Rg7 (37... Qh7 $16 {is a better defense.}) 38. Nf1 $18 h4 $2 (38... Kg8) 39. Ng3 Qd7 40. Nf5 Rg8 41. Ra1 Kh7 42. Qc1 Bh6 43. Qd2 Kg6 44. Rh1 Nh7 45. Nxh4+ gxh4 46. Bxh6 Qe7 {[#]} 47. Be3 $1 Ra8 (47... Rh8 {was worth a try.} 48. Bf2 Qg5) 48. Qf2 {White is clearly winning.} Ra4 (48... Ra3 $142 49. g5 Rxe3 {[%mdl 64] Remove Defender} 50. Qxe3 Kh5) 49. Rxh4 Nf8 50. Kg3 Rxc4 51. Rh6+ Kg7 52. Qh2 Rc3 53. Bd2 Rc2 54. Rh5 Kg6 55. Rh8 {Accuracy: White = 62%, Black = 38%.} 1-0

[Event "WYCC U14 Open 2019"]
[Site "Mumbai"]
[Date "2019.10.03"]
[Round "3.3"]
[White "Suleymanli, Aydin"]
[Black "Luczak, Filip"]
[Result "1-0"]
[WhiteElo "2426"]
[BlackElo "2136"]
[Annotator "TA"]
[PlyCount "79"]
[EventDate "2019.10.02"]
[EventType "swiss"]
[EventCountry "IND"]
[SourceTitle "playchess.com"]
[Source "ChessBase"]
[SourceQuality "1"]

{[%evp 24,79,10,6,39,14,14,6,69,69,66,65,107,87,169,170,212,212,199,209,176,170,145,152,212,212,223,223,208,217,199,164,185,177,371,352,282,146,231,206,391,406,434,439,425,417,436,430,674,613,1348,1324,1103,987,29987,29975,29996,29997]} 1. d4 Nf6 2. c4 g6 3. Nc3 Bg7 4. g3 O-O 5. Bg2 d6 6. Nf3 c5 7. O-O Nc6 8. d5 Na5 9. Nd2 a6 10. Qc2 Rb8 11. b3 b5 12. Bb2 e5 13. Nd1 Bd7 {E66: King's Indian: Fianchetto: 6...c5 7 0-0 Nc6 8 d5} 14. Rb1 Bh6 15. Bc3 (15. e3 {keeps more tension.} Bg7 16. e4 h5 17. Bc3 b4 18. Bb2) 15... bxc4 (15... Ne8 $11) 16. bxc4 $14 {aiming for Rxb8.} Rxb1 17. Qxb1 {[#]} Bxd2 $146 ({Predecessor:} 17... Nh5 18. e3 f5 19. Qb2 f4 20. Qa3 fxg3 21. fxg3 Rxf1+ 22. Kxf1 {1-0 (30) Toth,B (2558)-Jorgensen,A (2549) ICCF email 2002}) 18. Bxd2 Nxc4 (18... Nh5 $16 {keeps fighting.}) 19. Bg5 $18 Re8 20. Qb3 {[%mdl 1024] White has strong compensation.} Na5 21. Qc3 Nb7 22. f4 h6 {[#]} 23. Bh4 $1 g5 (23... Qe7 $16 24. Qb2 (24. fxe5 g5 $16) 24... Na5) 24. fxg5 hxg5 25. Bxg5 Ne4 26. Bxe4 (26. Bxd8 $6 Nxc3 27. Nxc3 Rxd8 $14) 26... Qxg5 27. Ne3 Rf8 28. Nf5 Qh5 $2 (28... Bxf5 29. Bxf5 (29. Rxf5 Qg4 $18) 29... c4 30. Qxc4 Nc5) 29. Qe3 f6 {[#]} 30. Kh1 ({White should play} 30. g4 $1 $18 {[%mdl 512]} Qg5 (30... Qxg4+ 31. Kh1) 31. Qh3) 30... Qg5 (30... Bxf5 $16 {was necessary.} 31. Bxf5 Kg7) 31. Qb3 Rf7 $2 (31... Nd8 {is a better defense.} 32. Nxd6 Nf7) 32. h4 Qh5 {intending ...Bxf5.} 33. g4 ({Don't do} 33. Qxb7 Bxf5 34. Rxf5 Rxb7 $18) 33... Qh8 34. h5 ({Wrong is} 34. Qxb7 $2 Bxf5 35. Qb8+ Rf8 $19) 34... Bxf5 35. Bxf5 Kg7 (35... Re7 $142 36. Qb6 Kg7 37. Qxa6 Kh6) 36. Bg6 Rc7 37. Qf3 Qd8 38. Bc2 f5 39. Qxf5 {[%csl Gc2][%cal Rf5h7]} Qh4+ 40. Kg2 {Accuracy: White = 70%, Black = 17%.} 1-0

[Event "WYCC U14 Open 2019"]
[Site "Mumbai"]
[Date "2019.10.03"]
[Round "3.4"]
[White "Colbow, Collin"]
[Black "Chyzy, Jakub"]
[Result "1-0"]
[WhiteElo "2148"]
[BlackElo "2327"]
[Annotator "NA"]
[PlyCount "36"]
[EventDate "2019.10.02"]
[EventType "swiss"]
[EventCountry "IND"]
[SourceTitle "playchess.com"]
[Source "ChessBase"]
[SourceQuality "1"]
[TimeControl "40/5400+30:1800+30"]

1. e4 {[%emt 0:00:00]} e5 {[%emt 0:00:00]} 2. Nf3 {[%emt 0:00:00]} Nc6 {[%emt 0:00:00]} 3. Bb5 {[%emt 0:00:00]} a6 {[%emt 0:00:00]} 4. Ba4 {[%emt 0:00:00]} Nge7 {[%emt 0:00:00]} 5. O-O {[%emt 0:00:18]} g6 {[%emt 0:00:00]} 6. c3 {[%emt 0:00:19]} Bg7 {[%emt 0:00:00]} 7. d4 {[%emt 0:00:11]} exd4 {[%emt 0:00:06]} 8. cxd4 {[%emt 0:00:04]} b5 {[%emt 0:00:04]} 9. Bb3 {[%emt 0:00:11]} O-O {[%emt 0:00:09]} 10. Nc3 {[%emt 0:00:09]} d6 {[%emt 0:00:08]} 11. Nd5 {[%emt 0:01:22]} h6 {[%emt 0:09:59]} 12. Nxe7+ {[%emt 0:00:14]} Nxe7 {[%emt 0:00:24]} 13. Be3 {[%emt 0:01:35]} Kh7 {[%emt 0:09:32]} 14. Re1 {[%emt 0:08:21]} Bb7 {[%emt 0:04:58]} 15. Qd3 {[%emt 0:05:11]} f5 {[%emt 0:02:07]} 16. Ng5+ {[%emt 0:03:08]} hxg5 {[%emt 0:19:13]} 17. Bxg5 {[%emt 0:00:08]} d5 {[%emt 0:00:30]} 18. Qh3+ {[%emt 0:02:22]} Kg8 {[%emt 0:00:03]} 1-0

[Event "WYCC U14 Open 2019"]
[Site "Mumbai"]
[Date "2019.10.03"]
[Round "3.5"]
[White "Huang, Patrick"]
[Black "Srihari L R"]
[Result "0-1"]
[WhiteElo "2120"]
[BlackElo "2283"]
[Annotator "NA"]
[PlyCount "65"]
[EventDate "2019.10.02"]
[EventType "swiss"]
[EventCountry "IND"]
[SourceTitle "playchess.com"]
[Source "ChessBase"]
[SourceQuality "1"]
[TimeControl "40/5400+30:1800+30"]

1. d4 {[%emt 0:00:00]} d6 {[%emt 0:01:34]} 2. Bf4 {[%emt 0:00:00]} g6 {[%emt 0:02:55]} 3. Nf3 {[%emt 0:01:15]} Bg7 {[%emt 0:00:08]} 4. e3 {[%emt 0:00:10]} Nd7 {[%emt 0:01:32]} 5. h3 {[%emt 0:01:29]} b6 {[%emt 0:04:15]} 6. Be2 {[%emt 0:00:51]} Bb7 {[%emt 0:00:06]} 7. O-O {[%emt 0:00:09]} e6 {[%emt 0:00:03]} 8. c3 {[%emt 0:05:42]} Qe7 {[%emt 0:09:33]} 9. Nbd2 {[%emt 0:01:50]} f5 {[%emt 0:02:52]} 10. Qb3 {[%emt 0:04:49]} Nh6 {[%emt 0:22:51]} 11. Bc4 {[%emt 0:12:14]} d5 {[%emt 0:03:56]} 12. Be2 {[%emt 0:02:30]} Rc8 {[%emt 0:06:31]} 13. c4 {[%emt 0:09:40]} Nf7 {[%emt 0:02:16]} 14. cxd5 {[%emt 0:03:30]} exd5 {[%emt 0:04:21]} 15. Rac1 {[%emt 0:00:37]} c6 {[%emt 0:01:02]} 16. a3 {[%emt 0:08:44]} O-O {[%emt 0:00:35]} 17. Rc2 {[%emt 0:05:44]} g5 {[%emt 0:08:12]} 18. Bh2 {[%emt 0:04:26]} Rce8 {[%emt 0:04:04]} 19. Bd3 {[%emt 0:04:36]} g4 {[%emt 0:00:54]} 20. hxg4 {[%emt 0:00:18]} fxg4 {[%emt 0:00:07]} 21. Ne1 {[%emt 0:00:32]} Nf6 {[%emt 0:04:52]} 22. Qb4 {[%emt 0:05:34]} Qe6 {[%emt 0:01:43]} 23. Nb3 {[%emt 0:03:21]} Nh5 {[%emt 0:03:57]} 24. Re2 {[%emt 0:01:08]} Qh6 {[%emt 0:05:22]} 25. Nd2 {[%emt 0:07:32]} Bc8 {[%emt 0:04:01]} 26. e4 {[%emt 0:03:17]} Ng5 {[%emt 0:01:55]} 27. exd5 {[%emt 0:01:35]} Rxe2 {[%emt 0:00:07]} 28. Bxe2 {[%emt 0:00:10]} cxd5 {[%emt 0:00:09]} 29. Qd6 {[%emt 0:02:00]} Qxd6 {[%emt 0:01:03]} 30. Bxd6 {[%emt 0:00:07]} Re8 {[%emt 0:00:09]} 31. Bb5 {[%emt 0:01:11]} Re6 {[%emt 0:00:04]} 32. Be5 {[%emt 0:00:40]} Bxe5 {[%emt 0:00:05]} 33. Nc2 {[%emt 0:02:42]} 0-1

[Event "WYCC U14 Open 2019"]
[Site "Mumbai"]
[Date "2019.10.03"]
[Round "3.7"]
[White "Abinandhan R"]
[Black "Flores Quillas, Diego Saul Rodri"]
[Result "1/2-1/2"]
[WhiteElo "1830"]
[BlackElo "2164"]
[Annotator "NA"]
[PlyCount "62"]
[EventDate "2019.10.02"]
[EventType "swiss"]
[EventCountry "IND"]
[SourceTitle "playchess.com"]
[Source "ChessBase"]
[SourceQuality "1"]
[TimeControl "40/5400+30:1800+30"]

1. e4 {[%emt 0:00:00]} c5 {[%emt 0:02:24]} 2. Nc3 Nc6 {[%emt 0:00:22]} 3. g3 {[%emt 0:00:00]} g6 {[%emt 0:00:42]} 4. Bg2 {[%emt 0:00:00]} Bg7 {[%emt 0:00:09]} 5. d3 {[%emt 0:00:08]} d6 {[%emt 0:00:21]} 6. Be3 {[%emt 0:00:14]} e5 {[%emt 0:00:57]} 7. Nh3 Nge7 {[%emt 0:05:24]} 8. O-O {[%emt 0:03:14]} O-O {[%emt 0:02:51]} 9. Qd2 {[%emt 0:02:02]} Rb8 {[%emt 0:08:19]} 10. Bh6 {[%emt 0:04:19]} Nd4 {[%emt 0:07:22]} 11. Bxg7 {[%emt 0:00:53]} Kxg7 {[%emt 0:01:11]} 12. f4 {[%emt 0:01:07]} f6 {[%emt 0:16:44]} 13. Nd1 {[%emt 0:04:53]} Bd7 {[%emt 0:07:34]} 14. c3 {[%emt 0:02:12]} Ndc6 {[%emt 0:01:45]} 15. Ne3 {[%emt 0:04:50]} b5 {[%emt 0:06:19]} 16. f5 {[%emt 0:04:01]} g5 {[%emt 0:02:40]} 17. Nf2 {[%emt 0:01:54]} Be8 {[%emt 0:13:33]} 18. Nd5 {[%emt 0:10:04]} Nxd5 {[%emt 0:10:26]} 19. exd5 {[%emt 0:00:08]} Ne7 {[%emt 0:00:19]} 20. Ne4 {[%emt 0:02:48]} Nxd5 {[%emt 0:01:12]} 21. Nxg5 {[%emt 0:00:27]} fxg5 {[%emt 0:00:03]} 22. Bxd5 {[%emt 0:00:09]} Qf6 {[%emt 0:00:08]} 23. Rae1 {[%emt 0:01:50]} Bf7 {[%emt 0:01:25]} 24. Bg2 {[%emt 0:00:19]} Rfe8 {[%emt 0:03:20]} 25. g4 {[%emt 0:01:25]} h6 {[%emt 0:02:39]} 26. Qf2 {[%emt 0:06:08]} Rbc8 {[%emt 0:01:37]} 27. a3 {[%emt 0:02:13]} Rc7 {[%emt 0:01:20]} 28. Qd2 {[%emt 0:01:58]} d5 {[%emt 0:00:35]} 29. Re2 {[%emt 0:02:04]} Rce7 {[%emt 0:02:05]} 30. Rfe1 {[%emt 0:00:32]} Rd8 {[%emt 0:00:24]} 31. h3 {[%emt 0:04:05]} a6 {[%emt 0:00:05]} 1/2-1/2

[Event "WYCC U14 Open 2019"]
[Site "Mumbai"]
[Date "2019.10.03"]
[Round "3.8"]
[White "Pranav Anand"]
[Black "Wu, Logan"]
[Result "1-0"]
[WhiteElo "2351"]
[BlackElo "1994"]
[Annotator "TA"]
[PlyCount "61"]
[EventDate "2019.10.02"]
[EventType "swiss"]
[EventCountry "IND"]
[SourceTitle "playchess.com"]
[Source "ChessBase"]
[SourceQuality "1"]

{[%evp 13,61,3,11,11,25,29,55,46,50,26,108,106,158,160,169,125,129,126,163,160,163,151,169,159,159,151,161,159,185,153,161,154,169,166,196,197,201,216,401,346,353,345,335,339,511,510,615,606,693,685]} 1. d4 Nf6 2. c4 e6 3. Nf3 d5 4. g3 Bb4+ 5. Bd2 Be7 6. Bg2 O-O 7. O-O Nbd7 8. Qc2 {E11: Bogo-Indian} Ne4 (8... c6 9. Rc1 a5 10. a3 h6 11. e3 Re8 12. b3 a4 13. b4 Ne4 14. c5 Bf6 15. Nc3 e5 16. Nxe4 dxe4 17. Nxe5 Nxe5 18. dxe5 Bxe5 {½-½ (70) Ding,L (2811)-Alekseenko,K (2671) Khanty-Mansiysk 2019}) 9. Nc3 Ndf6 10. Rfd1 $146 {White is slightly better.} ({Predecessor:} 10. Bf4 c6 11. Ne5 Nxc3 12. bxc3 Bd6 13. Rad1 Nh5 14. Bc1 f6 15. Nf3 f5 {1-0 (50) Baenziger,F (2356)-Schmidt Schaeffer,S (2367) Switzerland 2018}) 10... c6 11. b3 b6 (11... Nxd2 $11 12. Rxd2 b5) 12. Nxe4 $16 dxe4 (12... Nxe4 $142 13. Ne5 Bb7) 13. Ng5 Bb7 14. e3 Qc7 15. Nxe4 Rfd8 16. Bc3 Rd7 17. Rd2 Rad8 18. Rad1 Nxe4 19. Bxe4 g6 20. Bg2 Bf6 21. e4 Bg7 22. f4 b5 23. e5 bxc4 24. bxc4 Bf8 25. Qa4 {[#] Hoping for Ba5.} Qb6 $2 (25... Rb8 26. Rb2 Ba8 27. Rxb8 Qxb8) 26. Rb2 Qa6 27. Qxa6 Bxa6 28. Bxc6 Rc7 (28... Bxc4 {keeps fighting.} 29. Bxd7 Rxd7) 29. Ba5 $18 {[%mdl 64] [#] Skewer. White is clearly winning.} Rxc6 30. Bxd8 Bxc4 31. Rb8 {Accuracy: White = 68%, Black = 29%.} 1-0

[Event "WYCC U14 Open 2019"]
[Site "Mumbai"]
[Date "2019.10.03"]
[Round "3.9"]
[White "Bochnicka, Vladimir"]
[Black "Tsvetkov, Andrey"]
[Result "1-0"]
[WhiteElo "2087"]
[BlackElo "2382"]
[Annotator "TA"]
[PlyCount "57"]
[EventDate "2019.10.02"]
[EventType "swiss"]
[EventCountry "IND"]
[SourceTitle "playchess.com"]
[Source "ChessBase"]
[SourceQuality "1"]

{[%evp 22,57,34,27,28,23,18,25,24,38,53,-18,-22,-8,-17,-22,0,0,0,-45,0,0,61,62,60,52,66,42,93,66,858,545,656,660,631,562,915,645]} 1. e4 c5 2. Nf3 d6 3. d4 cxd4 4. Nxd4 Nf6 5. Nc3 a6 6. f3 e5 7. Nb3 Be6 8. Be3 Be7 9. Qd2 Nbd7 10. O-O-O b5 11. g4 Nb6 12. g5 Nh5 {B90: Sicilian Najdorf: Unusual White 6th moves, 6 Be3 Ng4 and 6 Be3 e5} 13. Nd5 Nxd5 14. exd5 Bd7 {White has an edge.} 15. Kb1 a5 16. Bd3 (16. Nc5 $1 $14) 16... O-O {[#]} 17. Nc1 $146 ({Predecessor:} 17. Rhg1 b4 18. Nc1 f5 19. gxf6 Bxf6 {0-1 (66) Lanka,Z (2510)-Stangl,M (2565) Austria 1996}) 17... f5 18. gxf6 Bxf6 19. Ne2 b4 20. Rhg1 Qc7 21. Ng3 Nxg3 (21... Be8 $1 $11) 22. hxg3 $14 a4 23. Rh1 $36 {[%mdl 2048] White has good play.} g6 24. g4 ({Weaker is} 24. Qxb4 Rab8 $17) 24... a3 {[#]} ({Black should try} 24... Rf7 $14) 25. b3 $1 $16 Bh8 $2 {[%mdl 8192]} (25... Qc3 $14 26. Qxc3 bxc3) 26. Bxg6 {White is clearly winning.} ({Not} 26. Qh2 Be8 $16) 26... Bg7 27. Bxh7+ Kf7 28. Qd3 {White wants to mate with Qg6+.} e4 29. Qxe4 {Accuracy: White = 70%, Black = 47%.} 1-0

[Event "WYCC U14 Open 2019"]
[Site "Mumbai"]
[Date "2019.10.03"]
[Round "3.10"]
[White "Aditya Varun Gampa"]
[Black "Samant Aditya S"]
[Result "0-1"]
[WhiteElo "1879"]
[BlackElo "2334"]
[Annotator "TA"]
[PlyCount "89"]
[EventDate "2019.10.02"]
[EventType "swiss"]
[EventCountry "IND"]
[SourceTitle "playchess.com"]
[Source "ChessBase"]
[SourceQuality "1"]

{[%evp 23,89,10,15,-23,8,8,6,0,0,0,0,-20,-8,-22,-34,-22,-4,-7,-7,-27,-27,-22,-28,-27,-24,-25,-19,-42,-39,-38,-35,-43,-32,-58,-10,-63,-60,-223,-244,-332,-344,-453,-419,-593,-581,-717,-709,-802,-781,-952,-937,-1177,-966,-1683,-1090,-1390,-1358,-1732,-1702,-1629,-1526,-1428,-1094,-1025,-296,-1059,-1055,-29999]} 1. e4 c5 2. Nf3 d6 3. Bb5+ Bd7 4. Bxd7+ Qxd7 5. c4 Nc6 6. d4 cxd4 7. Nxd4 Nf6 8. Nc3 e6 9. O-O Be7 10. b3 O-O 11. Bb2 a6 12. Re1 Rfd8 13. Qd2 {B52: Sicilian: Moscow Variation with 3...Bd7} (13. Nxc6 Qxc6 14. Rc1 Qe8 15. a4 Qc6 16. h3 Qb6 17. Rb1 Rac8 18. Re3 Nd7 19. Ne2 Bf6 20. Bxf6 Nxf6 {1-0 (70) Demchenko,A (2629)-Jakovljevic,V (2384) Sarajevo 2017}) 13... Rac8 14. Nxc6 $146 ({Predecessor:} 14. Rad1 Qc7 15. h3 Bf8 {½-½ (15) Estrada Nieto,J (2353)-Farkas,T (2330) Hungary 2001}) 14... Qxc6 15. Qd3 {The position is equal.} Nd7 16. Rad1 Nc5 17. Qg3 {Threatens to win with Nd5!} Bf8 $1 18. Rc1 b6 19. Qe3 Qb7 20. Qe2 Rb8 21. f4 b5 22. cxb5 axb5 23. b4 Nd7 24. a3 Rdc8 25. Rc2 Rc4 26. Rd2 Rbc8 27. Rd3 Qc6 28. Kh1 Nb6 29. Rg3 (29. f5 $11) 29... d5 30. f5 $2 (30. exd5 $15 Nxd5 31. Nxd5 Qxd5 32. Qe5 Qxe5 33. Bxe5) 30... d4 $19 31. f6 {White threatens Rxg7+! and mate.} g6 ({Don't go for} 31... dxc3 $2 32. Rxg7+ Bxg7 {[#]} 33. Qg4 $1 $18 {[%mdl 512]}) 32. Nd1 {Now e5 and White clings on.} e5 33. Rf1 (33. Qg4 $142) 33... Rc2 34. Qg4 Nc4 35. Ba1 Rc1 36. Rh3 Rxa1 37. Qh4 h6 38. Rg3 Kh7 {Strongly threatening ...Nd2.} 39. Qg4 Nd2 40. Rg1 Nxe4 {[%mdl 64] [#] aiming for ...Qc1! Double Attack} 41. Rf3 Rc7 42. Rff1 Nc3 43. Nf2 Rd1 $2 (43... Ra2 44. Qg3 Ne2 45. Qxe5 Bd6) 44. Re1 $2 (44. Nxd1 h5 45. Qg5) 44... Rxe1 45. Rf1 {Accuracy: White = 20%, Black = 68%.} 0-1